Composers of film and TV scores - Statistics

General Stats
  • This quiz has been taken 45 times
    26 since last reset
  • The average score is 18 of 31
Answer Stats
Film or show Composer of the theme tune % Correct
Star Wars John Williams
95%
Jurassic Park John Williams
95%
Jaws John Williams
95%
Indiana Jones John Williams
95%
Superman John Williams
95%
E.T. John Williams
95%
Harry Potter John Williams
95%
Inception Hans Zimmer
91%
Kung Fu Panda Hans Zimmer
91%
The Lion King Hans Zimmer
91%
Interstellar Hans Zimmer
91%
Gladiator Hans Zimmer
91%
Pirates of the Caribbean Hans Zimmer / Klaus Badelt
91%
The Good, the Bad, and the Ugly Ennio Morricone
77%
Lord of the Rings Howard Shore
64%
Titanic James Horner
64%
The Avengers Alan Silvestri
50%
Forrest Gump Alan Silvestri
50%
Back to the Future Alan Silvestri
50%
How to Train your Dragon John Powell
50%
The Godfather Nino Rota
41%
The Mandalorian Ludwig Goransson
36%
Spider-Man (Tom Holland, MCU) Michael Giacchino
36%
Spider-Man Danny Elfman
27%
The Magnificent Seven Elmer Bernstein
23%
Dances with Wolves John Barry
14%
Friends The Rembrandts
14%
Ted Lasso Marcus Mumford / Tom Howe
9%
Robin Hood, Prince of Thieves Michael Kamen
9%
Ninjago Michael Kramer / Jay Vincent
9%
James Bond Monty Norman
9%
No matching quizzes found
Score Distribution
Percent of People with Each Score
Percentile by Number Answered
Your Score History
You have not taken this quiz since the last reset